| 000 | 00575nam a2200193 a 4500 | ||
|---|---|---|---|
| 005 | 20140310183459.0 | ||
| 008 | 100305s19uu xx 00 eng d | ||
| 020 | _a1573223085 | ||
| 050 |
_aBF 408 _b.P49 2006 |
||
| 100 | _aPink, Daniel H. | ||
| 245 |
_aA whole new mind : _bwhy right-brainers will rule the future / _cDaniel H. Pink. |
||
| 260 |
_aNew York : _bRiverhead Books, _c2006. |
||
| 300 |
_a275 p. : _bill. ; _c22 cm. |
||
| 521 | _aPSYCH | ||
| 650 | _aCreative thinking. | ||
| 650 |
_aSuccess _xPsychological aspects. |
||
| 942 |
_cBK _2lcc _kFOR |
||
| 999 |
_c23821 _d23821 |
||